000 00616nam a2200205 4500
003 OSt
005 20240708031123.0
006 a
008 240708b |||||||| |||| 00| 0 eng d
020 _a0742516156
040 _aDWCL-Main lib.
_cOC
082 _aCirc. 323.445 S761p 2002
100 _aSplichal, Slavko
245 _aPrinciples of publicity and press freedom /
260 _aMaryland :
_bRowman & Littlefield Pub., Inc.,
_cc2002.
300 _axv,
_b229 p. ;
_c23 cm.
504 _aIncludes bibliographical references and index.
650 _a1. Freedom of the press.
942 _2ddc
_n0
_cBK-CIRC
_kCirc.
999 _c2087
_d2087